000 00515nam a2200193Ia 4500
003 GCL
008 140319s9999 xx 000 0 eng d
040 _aGCL /
_cGCL
082 0 4 _a421.5
_bR E
100 1 _aBABELON, DOMINIQUE
245 1 0 _aENGLISH PHONETICS AND PHOMOLGY /
_cBABELON, DOMINIQUE
260 _a[S.N] :
_bMACMILLAN PUBLISHING COMPANY ،
_c1993
300 _a262 P
650 0 4 _aPHONETICS
650 0 4 _aPHONOLOGY
650 0 4 _aENGLISH PHONETICS
650 0 4 _aENGLISH PHONOLOGY
942 _2ddc
_cBK
999 _c16504
_d16504